El Control o auditoría interna : tribunal de cuentas de la empresa / Pierre A. Dussaulx tribunal de cuentas de la empresa / Pierre A. Dussaulx

por Dussaulx, Pierre A.

Descripción Física: 142 p. ; 18 cm

MARC

LEADER 00000nam a2200000Ia 4500
001 14209
008 160829s9999 xx 000 0 cat d
080 |a C-2-242 
100 |a Dussaulx, Pierre A.  |9 24181 
245 |a El Control o auditoría interna :  |b  tribunal de cuentas de la empresa / Pierre A. Dussaulx 
260 |a [Madrid] :  |b Guadiana de Publicaciones, DL 1972 
300 |a 142 p. ;  |c 18 cm 
490 |a La vida de la empresa ; 6 
650 |a Empreses  |x Auditoria  |9 24182 
901 |a Arxiu 
942 |n 1 
952 |0 0  |1 0  |4 0  |6 C2242  |7 1  |9 43014  |a Arxiu  |b Arxiu  |d 2016-12-01  |l 0  |o C-2-242  |p 14209  |r 2016-12-01 00:00:00  |w 2016-12-01  |y ARXIU 
999 |c 45557  |d 45557